|
|
|
|
| LEADER |
00000nam a22000007i 4500 |
| 001 |
IT\ICCU\UBO\3191761 |
| 003 |
ItRI |
| 005 |
20260115232258.0 |
| 008 |
070424s1989 it |||||| ||||| |||||c |
| 040 |
|
|
|b ita
|c importazione bologna sebina
|
| 041 |
|
7 |
|a ita
|2 ISO-639-2
|
| 100 |
1 |
|
|a Albisola, Giancarlo
|0 IT\ICCU\RAVV\027108
|4 aut
|
| 245 |
1 |
0 |
|a Poesie /
|c Giancarlo Albisola.
|
| 260 |
|
|
|a [S.l. :
|b S.n.],
|c [1989?]
|
| 300 |
|
|
|a 40 p. :
|b 1 ritr. ;
|c 21 cm.
|
| 790 |
1 |
|
|a Albisola Albertalli, Giancarlo
|3 IT\ICCU\AUFV\001375
|z Albisola, Giancarlo
|
| 942 |
|
|
|2 ddc
|c BK
|n 0
|
| 952 |
|
|
|0 0
|1 0
|4 0
|6 DOC_851_914000000000000_ALB
|7 0
|9 23460
|a BO
|b BO
|d 2026-01-15
|i 1909
|l 0
|o DOC 851.914 ALB
|p BO1909
|r 2026-01-15 23:22:58
|w 2026-01-15
|x [Sebina 5] [1 v.]
|y BK
|z 1 v.
|
| 999 |
|
|
|c 19988
|d 19988
|